000 00910nam a22001817a 4500
999 _c63915
_d63915
003 Ge_BSU
005 20260219111040.0
008 260219s1954 ge ||||| |||| 00| 0 geo d
041 _ageo
080 _a330(479.22)(049.32) ე-49
245 _aეკონომიკის ინსტიტუტის შრომები :
_b ტ. 8 /
_c რედ. პ. გუგუშვილი; საქართველოს სსრ მეცნიერებათა აკადემია; ეკონომიკის ინსტიტუტი.
264 _aთბილისი:
_bსაქ. სსრ მეცნ. აკად. გამ-ბა,
_c1954.
300 _a418 გვ.;
_b26 სმ.
653 _aეკონომიკა
653 _aშრომები
700 _aგუგუშვილი, პ.
_eრედაქტორი
_918004
942 _2udc
_cᲬᲘᲒᲜᲘ